[Event "XIII Festival A"]
[Site "Robecchetto con Induno ITA"]
[Date "2000.01.05"]
[Round "7"]
[White "Recanatini, Italo"]
[Black "Bianchi, Alberto"]
[Result "1-0"]
[WhiteElo "1839"]
[BlackElo "1981"]
[PlyCount "94"]
[EventDate "2000.01.02"]

1. d4 Nf6 2. c4 b6 3. Nc3 Bb7 4. Bg5 e6 5. e4 Be7 6. Qc2 O-O 7. Nf3 h6 8. Bh4
d5 9. Bxf6 Bxf6 10. cxd5 exd5 11. e5 Be7 12. Be2 c5 13. O-O Nd7 14. Rad1 Rc8
15. Qf5 cxd4 16. Nxd4 g6 17. Qh3 Nxe5 18. Qxh6 Bf6 19. Qh3 Bg7 20. Rfe1 Nc4 21.
b3 Nd6 22. Ncb5 Nxb5 23. Nxb5 a6 24. Nd4 Qf6 25. Qf3 Rfe8 26. Kf1 Qxf3 27. Bxf3
Rxe1+ 28. Kxe1 Re8+ 29. Kf1 a5 30. g3 Bc8 31. Kg2 Be6 32. Nc6 Bf6 33. Bxd5
Bxd5+ 34. Rxd5 Re2 35. a4 Rb2 36. Rd3 Rc2 37. Na7 Be7 38. Nb5 Bc5 39. Rf3 Kg7
40. g4 f6 41. Nc7 Bxf2 42. Ne6+ Kf7 43. Ng5+ Ke7 44. Rxf2 Rxf2+ 45. Kxf2 fxg5
46. Ke3 Kd7 47. Kd4 Kd6 1-0

[Event "XIII Festival A"]
[Site "Robecchetto con Induno ITA"]
[Date "2000.01.05"]
[Round "7"]
[White "Tortora, Franco"]
[Black "Trotto, Pierangelo"]
[Result "1-0"]
[WhiteElo "1801"]
[BlackElo "1803"]
[PlyCount "24"]
[EventDate "2000.01.02"]

1. d4 d5 2. c4 e6 3. Nc3 c6 4. e4 dxe4 5. Nxe4 Bb4+ 6. Bd2 Qxd4 7. Bxb4 Qxe4+
8. Be2 Na6 9. Bc3 Nf6 10. Qd6 Bd7 11. O-O-O O-O-O 12. Qg3 Nh5 1-0